| 000 | 00677nam a2200217Ii 4500 | ||
|---|---|---|---|
| 003 | JO-AjNU | ||
| 008 | 230605s9999||||xx |||||||||||||| ||und|| | ||
| 017 | _a2013/2/649 | ||
| 020 | _a978-9957-94-020-1 | ||
| 040 |
_aJO-AjNU _bara _erda _cJO-AjNU |
||
| 041 | _aara | ||
| 050 | 1 | 4 | _aPJ7860 2013 |
| 100 | 3 |
_aتأليف الريماوي، محمود, _eauthor _948726 |
|
| 245 | 0 | 0 | _aعودة عرار: قصص عمان |
| 264 | 3 | 1 | _aعمان:وزارة الثقافة،2013 |
| 300 | _a288ص | ||
| 336 |
_atext _btxt _2rdacontent |
||
| 337 |
_aunmediated _bn _2rdamedia |
||
| 338 |
_avolume _bnc _2rdacarrier |
||
| 650 | 4 |
_aالأدب العربي - تحليل ونقد _948727 |
|
| 999 |
_aA21358 _c24926 _d24926 |
||